Spanish 5000 # 38 - Nouns (Feminine, Cognates, Bonus #2) - Statistics

General Stats
  • This quiz has been taken 6 times
  • The average score is 50 of 106
Answer Stats
English Spanish % Correct
Seaweed, Algae Alga
100%
Almond Almendra
100%
Amnesia Amnesia
100%
Animation Animación
100%
Blouse Blusa
100%
Caravan Caravana
100%
Colony, Neighborhood Colonia
100%
Sponge Esponja
100%
Phobia Fobia
100%
Galaxy Galaxia
100%
Injustice Injusticia
100%
Inspection Inspección
100%
Mint Menta
100%
Mile Milla
100%
Papaya Papaya
100%
Paternity Paternidad
100%
Regularity Regularidad
100%
Repair Reparación
100%
Urgency Urgencia
100%
Anthropology Antropología
50%
Calorie Caloría
50%
Capitalization Capitalización
50%
Cartoon, Caricature Caricatura
50%
Cathedral Catedral
50%
Ceramics, Pottery Cerámica
50%
Checkbook Chequera
50%
Chia Chía
50%
Consolidation Consolidación
50%
Counterpart Contrapartida
50%
Credential, ID card Credencial
50%
Dagger Daga
50%
Deduction Deducción
50%
Delicacy Delicadeza
50%
Disconnection Desconexión
50%
Disillusionment Desilusión
50%
Diligence, Errand Diligencia
50%
Disposition Disposición
50%
Diversification Diversificación
50%
Disclosure, Divulgence Divulgación
50%
Dune Duna
50%
Stamp Estampilla
50%
Aesthetics Estética
50%
Exquisiteness, Delicacy Exquisitez
50%
Flexion, Push-up Flexión
50%
Formality Formalidad
50%
Honesty Honestidad
50%
Honor Honra
50%
Idiocy Idiotez
50%
Impermanence Impermanencia
50%
Inequality, Inequity Inequidad
50%
Injection Inyección
50%
Latitude Latitud
50%
Flashlight, Lantern Linterna
50%
Length, Longitude Longitud
50%
Malice, Spite Malicia
50%
Maternity, Motherhood Maternidad
50%
Mayonnaise Mayonesa
50%
Metaphor Metáfora
50%
Monotony Monotonía
50%
Beating, Peel Pela
50%
Penalty, Hardship Penalidad
50%
Perversity Perversidad
50%
Petunia Petunia
50%
Pipe, Sunflower seed Pipa
50%
Deprivation Privación
50%
Procrastination Procrastinación
50%
Relaxation Relajación
50%
Remuneration, Pay Remuneración
50%
Salamander Salamandra
50%
Sandal Sandalia
50%
Sequel, Aftereffect Secuela
50%
Syllable Sílaba
50%
Soy Soya
50%
Sole (of shoe) Suela
50%
Therapy Terapia
50%
Breast, Teat Teta
50%
Turbulence Turbulencia
50%
Turquoise (stone/color) Turquesa
50%
Vanity Vanidad
50%
Ventilation Ventilación
50%
Vibe Vibra
50%
Carriage, Float Carroza
0%
Waterfall, Cataract Catarata
0%
Circumference Circunferencia
0%
Composure, Repair Compostura
0%
Condolences Condolencias
0%
Date palm Datilera
0%
Discrepancy Discrepancia
0%
Eligibility Elegibilidad
0%
Equipment, Kit Equipación
0%
Scrupulousness Escrupulosidad
0%
Emerald Esmeralda
0%
Freshness, Coolness Frescura
0%
Jelly Jalea
0%
Membership Membresía
0%
Moral (of a story) Moraleja
0%
Neuropsychiatry Neuropsiquiatría
0%
Patrol Patrulla
0%
Porcelain Porcelana
0%
Polisher Pulidora
0%
Purple color Púrpura
0%
Sacristy Sacristía
0%
Serenade Serenata
0%
Vanilla Vainilla
0%
Vessel, Pot Vasija
0%
Viper Víbora
0%
No matching quizzes found
Score Distribution
Percent of People with Each Score
Percentile by Number Answered
Your Score History
You have not taken this quiz